<tr>>A FEW FINAL WORDS |
<tr>
</tr>
<tr>
<tr>
<td>
</tr>
<tr>
>m class="correct_response">(Greta) Thunberg>r /> >able width="100%">>d class="right">Mehek>tr> | >td>
</tr>
able>
|
<tr>
<td>
</tr>
<tr>
>m class="correct_response">windows>r /> >able width="100%">>d class="right">Toussaint>tr> | >td>
</tr>
able>
|
<tr>
<td>
</tr>
<tr>
>(Mehek: What is photosynth-->oh, no.) (Mayim: ...Sorry, time.) >r />phototropism>r /> >able width="100%">>d class="right">EmmeyMehek | >tr> | >td>
</tr>
able>
|
<tr>
<td>
</tr>
<tr>
Godot>r /> >able width="100%">>d class="right">Toussaint>tr> | >td>
</tr>
able>
|
<tr>
<td>
</tr>
<tr>
grunge>r /> >able width="100%">>d class="right">Mehek>tr> | >td>
</tr>
able>
|
<tr>
<td>
</tr>
<tr>
extinct>r /> >able width="100%">>d class="right">Emmey>tr> | >td>
</tr>
able>
|
</tr>
<tr>
<tr>
<td>
</tr>
<tr>
(Mehek: What is the 19th Amendment?) >r />the Equal Rights Amendment>r /> >able width="100%">>d class="right">EmmeyMehek | >tr> | >td>
</tr>
able>
|
<tr>
<td>
</tr>
<tr>
Queensland>r /> >able width="100%">>d class="right">Emmey>tr> | >td>
</tr>
able>
|
<tr>
<td>
</tr>
<tr>
bipedalism>r /> >able width="100%">>d class="right">Emmey>tr> | >td>
</tr>
able>
|
<tr>
<td>
</tr>
<tr>
Bartleby>r /> >able width="100%">>d class="right">Emmey>tr> | >td>
</tr>
able>
|
<tr>
<td>
</tr>
<tr>
Springsteen>r /> >able width="100%">>d class="right">Mehek>tr> | >td>
</tr>
able>
|
<tr>
<td>
</tr>
<tr>
ultimate>r /> >able width="100%">>d class="right">Emmey>tr> | >td>
</tr>
able>
|
</tr>
<tr>
<tr>
<td>
</tr>
<tr>
Susan B. Anthony>r /> >able width="100%">>d class="right">Emmey>tr> | >td>
</tr>
able>
|
<tr>
<td>
</tr>
<tr>
Washington>r /> >able width="100%">>d class="right">Emmey>tr> | >td>
</tr>
able>
|
<tr>
<td>
</tr>
<tr>
giantism (or gigantism)>r /> >able width="100%">>d class="right">Emmey>tr> | >td>
</tr>
able>
|
<tr>
<td>
</tr>
<tr>
Oscar Wao>r />r />able>>d class="wrong">Triple Stumper>tr> | >td>
</tr>
able>
|
<tr>
<td>
</tr>
<tr>
Sting (Gordon Sumner)>r /> >able width="100%">>d class="right">Emmey>tr> | >td>
</tr>
able>
|
<tr>
<td>
</tr>
<tr>
summation>r />r />able>>d class="wrong">Triple Stumper>tr> | >td>
</tr>
able>
|
</tr>
<tr>
<tr>
<td>
</tr>
<tr>
>the burning of the Hindenburg>r /> >able width="100%">>d class="right">Toussaint>tr> | >td>
</tr>
able>
|
<tr>
<td>
</tr>
<tr>
the Pentagon>r /> >able width="100%">>d class="right">Emmey>tr> | >td>
</tr>
able>
|
<tr>
<td>
</tr>
<tr>
(Toussaint: What is a seizure?) >r />parkinsonism>r /> >able width="100%">>d class="wrong">Toussaint>tr> | >able>>d class="wrong">Triple Stumper>tr> |
>td>